UM Logo

Statistics for business and economics / (Record no. 7587)

MARC details
000 -LEADER
fixed length control field 00623nam a2200181 4500
008 - FIXED-LENGTH DATA ELEMENTS--GENERAL INFORMATION
fixed length control field 171003b xxu||||| |||| 00| 0 eng d
020 ## - INTERNATIONAL STANDARD BOOK NUMBER
International Standard Book Number 0-13-319096-X
082 ## - DEWEY DECIMAL CLASSIFICATION NUMBER
Edition number 1990
Classification number DC 519.5
Item number B46
100 ## - MAIN ENTRY--PERSONAL NAME
9 (RLIN) 22928
Personal name Berenson, Mark L.
245 ## - TITLE STATEMENT
Title Statistics for business and economics /
Statement of responsibility, etc. Mark L. Berenson, David M. Levine.
260 ## - PUBLICATION, DISTRIBUTION, ETC. (IMPRINT)
Place of publication, distribution, etc. Englewood Cliffs, New Jersey :
Name of publisher, distributor, etc. Prentice Hall,
Date of publication, distribution, etc. ©1990.
300 ## - PHYSICAL DESCRIPTION
Extent xi, 596 pages :
Other physical details illustrations ;
Dimensions 27 cm.
500 ## - GENERAL NOTE
General note Includes index.
650 #0 - SUBJECT ADDED ENTRY--TOPICAL TERM
9 (RLIN) 22929
Topical term or geographic name as entry element Commercial statistics.
650 #0 - SUBJECT ADDED ENTRY--TOPICAL TERM
9 (RLIN) 22930
Topical term or geographic name as entry element Statistics.
700 ## - ADDED ENTRY--PERSONAL NAME
9 (RLIN) 22931
Personal name Levine, David M., 1946-
942 ## - ADDED ENTRY ELEMENTS (KOHA)
Source of classification or shelving scheme Dewey Decimal Classification
Koha item type Circulation
Holdings
Withdrawn status Lost status Source of classification or shelving scheme Damaged status Not for loan Collection code Home library Current library Date acquired Source of acquisition Total Checkouts Full call number Barcode Date last seen Copy number Price effective from Koha item type
    Dewey Decimal Classification     Circulation UM Digos College - LIC UM Digos College - LIC   Purchased   DC 519.5 B46 1990 11637 05/15/2025 1 10/03/2017 Circulation
    Dewey Decimal Classification     Circulation UM Digos College - LIC UM Digos College - LIC   Purchased   DC 519.5 B46 1990 15175 05/15/2025 2 10/03/2017 Circulation